000 00226nam a22000857a 4500
008 170109b xxu||||| |||| 00| 0 eng d
100 _92277
_aUppal.A.K.etal.
245 _aPhysical Education & Health
260 _aNew Delhi
_bF.P.
_c2007
999 _c5165
_d5165